00386nam a2200133Ia 4500008004100000041000800041082002500049100001600074245009300090260002900183300000800212365001600220710001600236230312s9999 xx 000 0 und d aeng a620.106b620.106 RAJ aRajput R.K. aTextbook Of Fluid Mechanics:bFluid Mechanics And Hydraulic Machines, In SI Units Part-1 c2009bS. Chand & Company a999 cRs.b375.00 aRajput R.K.